000 00471nam a2200181Ia 4500
001 8521
005 20260306160615.0
008 260306t2019||||xx |||||||||||||| ||spa||
041 _aESP
082 _a371.102
_bC28E
100 _aBernardo Carrasco, José
_eAUT
245 0 _aEducar sin manipular:
_bpedagogía y sensatez para docentes y familias
260 _c2019
300 _a139 páginas :
_c24 cm.
650 _aGEN
654 _aCED
942 _cLIB
_dJUS
_fJUS
_2ddc
_n
999 _c8521
_d8521